Αργύριος Μοσχίδης : ο ιστορικός της Λήμνου και η εποχή του

Αποθηκεύτηκε σε:
Λεπτομέρειες βιβλιογραφικής εγγραφής
Κύριος συγγραφέας: Μπελίτσος, Θεόδωρος, 1957-
Μορφή: Βιβλίο
Γλώσσα:Greek
Δημοσίευση: Αθήνα : Αιγέας, 1996.
Θέματα:
Ετικέτες: Προσθήκη ετικέτας
Δεν υπάρχουν, Καταχωρήστε ετικέτα πρώτοι!

MARC

LEADER 00000cam a2200000 i 4500
001 1/60877
008 141203s1996 gr | ||| |||| ||gre||
020 |a 9608520789 
035 |l 10119951 
040 |a GR-MyUa  |b gre  |e AACR2  
041 0 |a gre 
082 7 |a 920.049582   |2 (23) 
100 1 |a Μπελίτσος, Θεόδωρος,   |d 1957- 
245 1 0 |a Αργύριος Μοσχίδης :   |b ο ιστορικός της Λήμνου και η εποχή του /   |c Θεόδ. Μπελίτσος.  
260 |a Αθήνα :   |b Αιγέας,   |c 1996.  
300 |a 110 σ. :   |b εικ. ;   |c 24 εκ.  
504 |a Βιβλιογραφία: σ. 104-105. Ευρετήριο.  
505 8 |a Τα πρώτα χρόνια στη Λήμνο. Οι εκλογές του 1908 και 1912 για την Οθωμανική βουλή και ο βουλευτής Μιχαήλ Στέλλιος.  
600 1 0 |a Μοσχίδης, Αργύριος,   |d 1865-1912  |x Biography. 
650 0 |a Historians  |z Greece  |z Limnos (Municipality) 
651 0 |a Limnos (Greece : Municipality)  |x History. 
852 |a INST  |b LEMNOS  |e 20141203  |h 920.049582 ΜΠΕ  |p 005600001597  |q 005600001597  |t BK  |y 0 
901 |a BIBL6-2014-3 
970 |a ΜΟΣΧΟΒΗ  |b ΕΥΑΓΓΕΛΙΑ  |z 2014/12/03